Converter-based dynamics and control of modern power systems /

Bibliographic Details
Main Authors: Monti, Antonello (Author), Milano, Federico (Author), Bompard, Ettore (Author), Guillaud, Xavier (Author)
Format: Book
Language:English
Published: London : Academic Press an imprint of Elsevier, [2021]
Subjects:

MARC

Tag First Indicator Second Indicator Subfields
LEADER 00000cam a2200000Ii 4500
001 in00004366271
005 20220105170255.0
008 191015s2021 enka b 001 0 eng d
015 |a GBC0E1857  |2 bnb 
016 7 |a 019947704  |2 Uk 
020 |a 9780128184912  |q (pbk.) 
020 |a 0128184914  |q (pbk.) 
020 |z 9780128184929 (ePub ebook) 
029 1 |a UKMGB  |b 019947704 
035 |a (OCoLC)on1122914418 
035 |a (OCoLC)1122914418 
040 |a YDX  |b eng  |e rda  |c YDX  |d BDX  |d OCLCQ  |d UKMGB  |d OCLCO  |d OCLCF  |d TXA  |d UtOrBLW 
049 |a TXAM 
050 4 |a TK3001  |b .M64 2021 
100 1 |a Monti, Antonello,  |e author.  |0 http://id.loc.gov/authorities/names/no2016127696 
245 1 0 |a Converter-based dynamics and control of modern power systems /  |c Antonello Monti, Federico Milano, Ettore Bompard, Xavier Guillaud. 
264 1 |a London :  |b Academic Press an imprint of Elsevier,  |c [2021] 
300 |a xii, 361 pages :  |b illustrations ;  |c 23 cm 
336 |a text  |b txt  |2 rdacontent 
337 |a unmediated  |b n  |2 rdamedia 
338 |a volume  |b nc  |2 rdacarrier 
504 |a Includes bibliographical references and index. 
650 0 |a Electric power distribution.  |0 http://id.loc.gov/authorities/subjects/sh85041879 
650 0 |a Electric power transmission.  |0 http://id.loc.gov/authorities/subjects/sh85041933 
650 7 |a Electric power distribution.  |2 fast  |0 (OCoLC)fst00905420 
650 7 |a Electric power transmission.  |2 fast  |0 (OCoLC)fst00905596 
700 1 |a Milano, Federico,  |e author.  |0 http://id.loc.gov/authorities/names/nb2010028788 
700 1 |a Bompard, Ettore,  |e author. 
700 1 |a Guillaud, Xavier,  |e author. 
776 0 8 |i ebook version :  |z 9780128184929 
938 |a Brodart  |b BROD  |n 125906285 
938 |a YBP Library Services  |b YANK  |n 16486218 
994 |a C0  |b TXA 
948 |a cataloged  |b h  |c 2021/11/11  |d enhance  |e zliu  |f 3:55:55 pm 
999 f f |s 48268b08-53c6-3c92-9409-0964656a4daa  |i 3b696c57-6802-332f-afba-91e72706c51f  |t 0 
952 f f |p normal  |a Texas A&M University  |b College Station  |c Sterling C. Evans Library  |d Evans: Library Stacks  |t 0  |e TK3001 .M64 2021  |h Library of Congress classification  |i unmediated -- volume  |m A14851259573 
998 f f |a TK3001 .M64 2021  |t 0  |l Evans: Library Stacks